Kelawar terbang malam (Record no. 98499)

MARC details
000 -LEADER
fixed length control field 00749nam a2200265 i 4500
001 - CONTROL NUMBER
control field C2-0293814
003 - CONTROL NUMBER IDENTIFIER
control field PPAK
005 - DATE AND TIME OF LATEST TRANSACTION
control field 20180728025623.0
008 - FIXED-LENGTH DATA ELEMENTS--GENERAL INFORMATION
fixed length control field 090204s2008 my a|||| ||||| | may d
020 ## - INTERNATIONAL STANDARD BOOK NUMBER
International Standard Book Number 9789831657447
040 ## - CATALOGING SOURCE
Original cataloging agency PPAK
Language of cataloging eng
Transcribing agency PPAK
Description conventions rda
082 04 - DEWEY DECIMAL CLASSIFICATION NUMBER
Classification number 499.2386
Edition number 23
090 00 - LOCALLY ASSIGNED LC-TYPE CALL NUMBER (OCLC); LOCAL CALL NUMBER (RLIN)
Classification number (OCLC) (R) ; Classification number, CALL (RLIN) (NR) 499.2386
Feature heading KEL
Feature heading K
245 00 - TITLE STATEMENT
Title Kelawar terbang malam
264 #1 - PRODUCTION, PUBLICATION, DISTRIBUTION, MANUFACTURE, AND COPYRIGHT NOTICE
Place of production, publication, distribution, manufacture Petaling Jaya, Selangor :
Name of producer, publisher, distributor, manufacturer Junior Pages ,
Date of production, publication, distribution, manufacture, or copyright notice 2008
300 ## - PHYSICAL DESCRIPTION
Extent 16 pages :
Other physical details colour illustrations ;
Dimensions 26 cm
336 ## - CONTENT TYPE
Source rdacontent
Content type term text
337 ## - MEDIA TYPE
Source rdamedia
Media type term unmediated
338 ## - CARRIER TYPE
Source rdacarrier
Carrier type term volume
490 1# - SERIES STATEMENT
Series statement Asal usul binatang
650 10 - SUBJECT ADDED ENTRY--TOPICAL TERM
Topical term or geographic name entry element Bahasa Malaysia - Readers
700 0# - ADDED ENTRY--PERSONAL NAME
Personal name Rubiah Jusoh,
Relator term compile
830 #0 - SERIES ADDED ENTRY--UNIFORM TITLE
Uniform title Asal usul binatang
942 ## - ADDED ENTRY ELEMENTS (KOHA)
-- dc
Koha item type Book
Holdings
Withdrawn Not for loan Current library Shelving location Date acquired Total Checkouts Full call number Barcode Date last seen Date last checked out Koha item type
    Perpustakaan Awam Sungai Petani Pinjaman Kanak-kanak 22/02/2009 2 K 499.2386 KEL A01264467 31/01/2026 30/12/2025 Book
    Perpustakaan Baling Pinjaman Kanak-kanak 22/02/2009 2 K 499.2386 KEL A01264473 13/10/2024 01/10/2024 Book
    Perpustakaan Bandar Baharu Pinjaman Kanak-kanak 22/02/2009 1 K 499.2386 KEL A01264474 11/09/2023 22/08/2023 Book
    Perpustakaan Jitra Pinjaman Kanak-kanak 22/02/2009 4 K 499.2386 KEL A01264468 20/11/2024 02/11/2024 Book
    Perpustakaan Kuala Nerang Pinjaman Kanak-kanak 22/02/2009   K 499.2386 KEL A01264475 09/05/2018   Book
    Perpustakaan Kulim Pinjaman Kanak-kanak 22/02/2009 4 K 499.2386 KEL A01264470 24/01/2026 10/01/2026 Book
    Perpustakaan Langkawi Pinjaman Kanak-kanak 22/02/2009 1 K 499.2386 KEL A01264469 07/04/2019 21/03/2019 Book
    Perpustakaan Merbok Pinjaman Kanak-kanak 04/02/2009 2 K 499.2386 KEL A01271544 20/08/2025 06/08/2025 Book
    Perpustakaan Pendang Pinjaman Kanak-kanak 22/02/2009   K 499.2386 KEL A01264477 09/05/2018   Book
    Perpustakaan Sik Pinjaman Kanak-kanak 22/02/2009 1 K 499.2386 KEL A01264472 17/12/2025 11/12/2025 Book
    Perpustakaan Yan Pinjaman Kanak-kanak 22/02/2009 2 K 499.2386 KEL A01264471 10/11/2025 09/11/2025 Book
    PD31, Kg. Gelam, Bedong Pinjaman Kanak-kanak 23/12/2009   K 499.2386 KEL A01350595 09/05/2018   Book
    PD33, Kg. Belau, Merbok Pinjaman Kanak-kanak 23/12/2009   K 499.2386 KEL A01350597 09/05/2018   Book
    T-PD32, Kg. Thye Eng, Bedong Pinjaman Kanak-kanak 23/12/2009   K 499.2386 KEL A01350596 09/05/2018   Book